[Event "ch-USA Seniors 2024"]
[Site "Saint Louis USA"]
[Date "2024.07.20"]
[Round "5.2"]
[White "Novikov, Igor"]
[Black "Becerra Rivero, Julio"]
[Result "0-1"]
[WhiteTitle "GM"]
[BlackTitle "GM"]
[WhiteElo "2509"]
[BlackElo "2419"]
[WhiteFideId "14100037"]
[BlackFideId "3501728"]
[EventDate "2024.07.16"]

1. d4 Nf6 2. c4 g6 3. Nc3 Bg7 4. e4 d6 5. f3 O-O 6. Nge2 c5 7. d5 e6 8. Ng3 exd5
9. cxd5 a6 10. a4 Nbd7 11. Be2 Rb8 12. O-O Ne8 13. Be3 Nc7 14. a5 b5 15. axb6
Nb5 16. b7 Bxb7 17. Nxb5 axb5 18. Bxb5 Bc8 19. Qe2 Qb6 20. Bd3 Ne5 21. Rf2 Bd7
22. Rb1 Qa5 23. b3 Qc3 24. Bc2 c4 25. Qd2 Qxd2 26. Bxd2 cxb3 27. Rxb3 Rxb3 28.
Bxb3 Nd3 29. Re2 Ra8 30. Be3 Ra1+ 31. Nf1 Nc1 32. Bc4 Nxe2+ 33. Bxe2 Ra2 34. Bc4
Ra4 35. Bd3 Ra3 36. Bc4 f5 37. Kf2 Ra4 38. Bd3 Ra2+ 39. Kg3 Ra3 40. Be2 Rxe3 41.
Nxe3 f4+ 42. Kxf4 Bh6+ 43. Kg3 Bxe3 44. h4 Bd2 45. Kf2 h6 46. g3 g5 47. hxg5
hxg5 48. Bd3 Ba4 49. Ba6 Kf7 50. Bc8 Kf6 51. Kg2 Bd1 52. Bg4 Be2 53. Bh5 Bd3 54.
Kf2 Ke5 55. Bg4 Kd4 56. Bh5 Ba5 57. Bg4 Bd8 58. Bh5 Bf6 59. Bg4 Be5 60. Bd7 Kc3
61. Bg4 Kd2 62. Bh5 Bd4+ 63. Kg2 Ke3 64. Bg4 Bb5 65. Bf5 Be5 66. Bg4 Ba6 67. Bf5
Ke2 68. Bg4 Ke1 69. Bh5 Bf1+ 70. Kg1 0-1

[Event "ch-USA Seniors 2024"]
[Site "Saint Louis USA"]
[Date "2024.07.20"]
[Round "5.3"]
[White "Root, Douglas"]
[Black "Shabalov, Alexander"]
[Result "1/2-1/2"]
[WhiteTitle "IM"]
[BlackTitle "GM"]
[WhiteElo "2463"]
[BlackElo "2460"]
[WhiteFideId "2000490"]
[BlackFideId "2008572"]
[EventDate "2024.07.16"]

1. d4 Nf6 2. c4 e6 3. Nf3 b6 4. g3 Ba6 5. b3 d5 6. Bg2 Bb4+ 7. Bd2 Bd6 8. cxd5
exd5 9. Nc3 O-O 10. O-O Nbd7 11. Re1 Re8 12. a3 c6 13. b4 Ne4 14. Qc2 Nxd2 15.
Nxd2 Rc8 16. Qa4 Nb8 17. Bh3 Rc7 18. b5 cxb5 19. Nxb5 Bxb5 20. Qxb5 Rc2 21. Nf1
a6 22. Qxd5 Rc3 23. a4 Nc6 24. Ne3 Nb4 25. Qf5 g6 26. Qd7 Qxd7 27. Bxd7 Rd8 28.
Bh3 Be7 29. Red1 Bg5 30. Rab1 a5 31. Ng4 Ra3 32. Ne5 Rxa4 33. e4 Na2 34. Ra1 b5
35. Nc6 Rd6 36. d5 Nc3 37. Rxa4 bxa4 38. Ra1 Nxe4 39. Rxa4 Nc3 40. Rxa5 Rxd5 41.
Rxd5 Nxd5 42. Bg2 Ne7 43. Nxe7+ Bxe7 44. Kf1 Kg7 45. Ke2 Bf6 46. Bf3 Be7 47. Bg2
Bf6 48. Bf3 Be7 49. Bg2 Bf6 1/2-1/2

[Event "ch-USA Seniors 2024"]
[Site "Saint Louis USA"]
[Date "2024.07.20"]
[Round "5.4"]
[White "Christiansen, Larry"]
[Black "Kaidanov, Gregory"]
[Result "1/2-1/2"]
[WhiteTitle "GM"]
[BlackTitle "GM"]
[WhiteElo "2579"]
[BlackElo "2548"]
[WhiteFideId "2000059"]
[BlackFideId "2008564"]
[EventDate "2024.07.16"]

1. Nf3 d5 2. e3 Nf6 3. c4 e6 4. d4 c5 5. cxd5 exd5 6. Bb5+ Nbd7 7. O-O a6 8.
Bxd7+ Bxd7 9. b3 Bg4 10. Bb2 Rc8 11. dxc5 Bxc5 12. Nc3 O-O 13. Ne2 Ne4 14. Rc1
Re8 15. Ng3 Rc6 16. Nxe4 Rxe4 17. Rc3 Qc7 18. h3 Bh5 19. Rd3 Rd6 20. b4 Bxb4 21.
Rxd5 Qc6 22. Rxd6 Bxd6 23. Qd3 Re8 24. Rc1 Qb6 25. Bd4 Qd8 26. Nd2 Bg6 27. Qb3
Qd7 28. Nc4 Bc7 29. Rd1 Qc6 30. Bb2 b5 31. Nd2 Bb8 32. Rc1 Qd7 33. Nf3 Rc8 34.
Rxc8+ Qxc8 35. Qd5 h6 36. Be5 Ba7 37. Bd4 Bb8 38. Be5 Ba7 39. Bd4 Bb8 40. Be5 1/2-1/2

[Event "ch-USA Seniors 2024"]
[Site "Saint Louis USA"]
[Date "2024.07.20"]
[Round "5.5"]
[White "Benjamin, Joel"]
[Black "Khachiyan, Melikset"]
[Result "1-0"]
[WhiteTitle "GM"]
[BlackTitle "GM"]
[WhiteElo "2490"]
[BlackElo "2414"]
[WhiteFideId "2000091"]
[BlackFideId "13300512"]
[EventDate "2024.07.16"]

1. e4 c5 2. Nf3 e6 3. c3 d5 4. exd5 exd5 5. Bb5+ Bd7 6. Bxd7+ Qxd7 7. O-O Bd6 8.
d4 c4 9. Ne5 Bxe5 10. dxe5 Ne7 11. Na3 O-O 12. Be3 Nf5 13. Re1 Re8 14. Bf4 Re6
15. Qh5 g6 16. Qf3 Ne7 17. Bg5 Nbc6 18. Bf6 d4 19. Nxc4 Nd5 20. Bh4 Rae8 21.
cxd4 Nxd4 22. Qe4 Nb6 23. Nxb6 axb6 24. f4 f6 25. Red1 fxe5 26. fxe5 Rxe5 27.
Rxd4 Rxe4 28. Rxd7 Rxh4 29. Rc1 b5 30. Rxb7 Rc4 31. Rd1 Rc2 32. h3 Rxb2 33. Rdd7
Rxa2 34. Rg7+ Kh8 35. Rxh7+ Kg8 36. Rhg7+ Kh8 37. Rh7+ Kg8 38. Rhg7+ Kh8 39.
Rxg6 Rb2 40. Rg4 Ree2 41. Kh2 b4 42. Rb5 Re7 43. Rgxb4 Rxb4 44. Rxb4 Kg7 45. h4
Re3 46. Rb6 Rc3 47. g3 Rd3 48. Kh3 Rc3 49. h5 Kh7 50. Kh4 Rc5 51. g4 Kg7 52. h6+
Kh7 53. g5 Rc1 54. Rb7+ Kg8 55. Kh5 Rc8 56. Re7 Ra8 57. Kg6 Ra6+ 58. Kf5 Ra5+
59. Kf6 Ra6+ 60. Re6 Ra8 61. g6 Rb8 62. Rd6 Ra8 63. Ke7 1-0

[Event "ch-USA Seniors 2024"]
[Site "Saint Louis USA"]
[Date "2024.07.22"]
[Round "6.1"]
[White "Kraai, Jesse"]
[Black "Christiansen, Larry"]
[Result "1-0"]
[WhiteTitle "GM"]
[BlackTitle "GM"]
[WhiteElo "2356"]
[BlackElo "2579"]
[WhiteFideId "2002035"]
[BlackFideId "2000059"]
[EventDate "2024.07.16"]

1. d4 Nf6 2. Nf3 e6 3. Bf4 c5 4. e3 d5 5. Nbd2 Bd6 6. dxc5 Bxc5 7. c4 Nc6 8. Be2
O-O 9. O-O h6 10. Rc1 Bd6 11. Bxd6 Qxd6 12. cxd5 exd5 13. Qc2 Re8 14. Rfd1 Bg4
15. h3 Bh5 16. Nb3 Rac8 17. Qc5 Qb8 18. Nbd4 a6 19. Nf5 Rcd8 20. Qc3 Kh7 21. Bd3
Bxf3 22. gxf3 Kh8 23. Bb1 Re6 24. Kg2 h5 25. b4 g6 26. Nd4 Nxd4 27. Qxd4 Kg7 28.
a4 Rd7 29. Ba2 Kh7 30. Rc5 Red6 31. Rdc1 Qe8 32. a5 Re6 33. Rc8 Qe7 34. Bb3 Qd6
35. R1c5 Re5 36. Ba4 Rde7 37. Bc2 Rg5+ 38. Kh1 Rge5 39. f4 Re4 40. Bxe4 Rxe4 41.
Qc3 d4 42. Qb3 Re7 43. Re5 Rd7 44. exd4 Qxd4 45. Qe3 Qd1+ 46. Kg2 Rd3 47. Qe2
Qb3 48. Qc2 Nd5 49. Qxb3 Nxf4+ 50. Kh2 Rxb3 51. Re7 Rxh3+ 52. Kg1 Kg7 53. Rxb7
Ne2+ 54. Kf1 Nf4 55. Kg1 Ne2+ 56. Kf1 Nf4 57. Ke1 Rf3 58. Rcc7 Ne6 59. Re7 Nd4
60. Re3 Rf4 61. Rh3 Nc2+ 62. Kf1 Nxb4 63. Rb6 h4 64. Ra3 Rc4 65. Ra4 h3 66. Kg1
Rc1+ 67. Kh2 Nd3 68. Kxh3 Nxf2+ 69. Kg2 Nd3 70. Rxa6 Rc2+ 71. Kf1 f5 72. Rd6 Nb2
73. Ra1 Nc4 74. Rd7+ Kf6 75. a6 Ke6 76. a7 Kxd7 77. a8=Q Nd2+ 78. Ke1 1-0

[Event "ch-USA Seniors 2024"]
[Site "Saint Louis USA"]
[Date "2024.07.22"]
[Round "6.2"]
[White "Root, Douglas"]
[Black "Benjamin, Joel"]
[Result "0-1"]
[WhiteTitle "IM"]
[BlackTitle "GM"]
[WhiteElo "2463"]
[BlackElo "2490"]
[WhiteFideId "2000490"]
[BlackFideId "2000091"]
[EventDate "2024.07.16"]

1. d4 Nf6 2. c4 e6 3. Nf3 d5 4. Nc3 a6 5. cxd5 exd5 6. Bg5 Be6 7. e3 Nbd7 8. Bd3
Bd6 9. O-O c6 10. Bh4 h6 11. Bc2 Qc7 12. Bg3 O-O 13. Qd3 Rfe8 14. Nh4 Nf8 15.
Rae1 Rad8 16. Nf5 Bxf5 17. Qxf5 Bxg3 18. hxg3 Ne6 19. f4 c5 20. Rd1 cxd4 21.
exd4 Qc4 22. Qd3 b5 23. a3 Qxd3 24. Rxd3 Ne4 25. Bb3 Nxc3 26. bxc3 Nc7 27. Kf2
Kf8 28. Re3 Rxe3 29. Kxe3 Rd6 30. Rh1 Ke7 31. Rh5 Re6+ 32. Re5 f6 33. Rxe6+ Kxe6
34. g4 g5 35. g3 Kd6 36. a4 bxa4 37. Bxa4 Na8 38. Bd1 Nb6 39. Be2 a5 40. Kd2 Kc6
41. Kc2 Nc8 42. Kb3 Nd6 43. fxg5 hxg5 44. Bf3 Ne4 45. Kc2 Kd6 46. c4 Nxg3 47.
cxd5 Nf1 48. Kd3 a4 49. Kc3 Nh2 50. Bd1 a3 51. Kb3 Kxd5 52. Kxa3 Kxd4 53. Kb3
Kd3 54. Bc2+ Ke3 55. Bf5 Kf4 56. Kc3 Nxg4 57. Bc8 Ne3 58. Bb7 f5 59. Kd3 g4 60.
Ke2 Nc4 61. Kf2 Kg5 62. Kg3 f4+ 63. Kg2 Ne5 64. Bc8 Kh4 65. Bb7 Nd3 66. Be4 f3+
67. Kf1 Nc5 0-1

[Event "ch-USA Seniors 2024"]
[Site "Saint Louis USA"]
[Date "2024.07.22"]
[Round "6.3"]
[White "Becerra Rivero, Julio"]
[Black "Akopian, Vladimir"]
[Result "1/2-1/2"]
[WhiteTitle "GM"]
[BlackTitle "GM"]
[WhiteElo "2419"]
[BlackElo "2583"]
[WhiteFideId "3501728"]
[BlackFideId "13300032"]
[EventDate "2024.07.16"]

1. e4 e5 2. Nf3 Nf6 3. Nxe5 d6 4. Nf3 Nxe4 5. Qe2 Qe7 6. d3 Nf6 7. Bg5 Qxe2+ 8.
Bxe2 Be7 9. Nc3 h6 10. Bd2 a6 11. O-O-O Nc6 12. Rde1 Be6 13. h3 d5 14. Bd1 Bc5
15. Rhf1 O-O-O 16. a3 Rhe8 17. Ne5 Nxe5 18. Rxe5 Bd7 19. f4 Bd6 20. Rxe8 Rxe8
21. Bf3 d4 22. Ne4 Nxe4 23. Bxe4 f5 24. Bf3 c5 25. Kd1 Kc7 26. Re1 Rxe1+ 27.
Kxe1 Bc6 28. Bxc6 Kxc6 29. a4 b5 30. axb5+ axb5 31. Ke2 g6 32. g3 c4 33. h4 Kd5
34. Be1 h5 35. Bd2 Be7 36. Be1 Bf6 37. Kd1 c3 38. b3 Kc5 39. Bf2 Kb4 40. Kc1 Ka3
41. Kb1 Bg7 42. Bg1 Bf6 43. Bf2 Bg7 44. Bg1 Bf6 45. Bf2 Bg7 46. Bg1 1/2-1/2

[Event "ch-USA Seniors 2024"]
[Site "Saint Louis USA"]
[Date "2024.07.22"]
[Round "6.4"]
[White "Shabalov, Alexander"]
[Black "Kaidanov, Gregory"]
[Result "1/2-1/2"]
[WhiteTitle "GM"]
[BlackTitle "GM"]
[WhiteElo "2460"]
[BlackElo "2548"]
[WhiteFideId "2008572"]
[BlackFideId "2008564"]
[EventDate "2024.07.16"]

1. d4 d5 2. Nf3 Nf6 3. e3 e6 4. Bd3 c5 5. b3 Nc6 6. O-O Bd6 7. Bb2 O-O 8. Nbd2
b6 9. Ne5 Bb7 10. a3 Rc8 11. f4 Ne7 12. Qf3 b5 13. dxc5 Bxc5 14. b4 Bb6 15. Nb3
Ne4 16. Bd4 Nf5 17. Qe2 Nxd4 18. exd4 f6 19. Ng4 Rc4 20. Kh1 Bxd4 21. Bxc4 Bxa1
22. Bxb5 Bb2 23. Nf2 Nxf2+ 24. Rxf2 e5 25. Nc5 Bc8 26. fxe5 fxe5 27. Rxf8+ Qxf8
28. h3 Bd4 29. Nb3 Qf2 30. Nxd4 Qxd4 31. Qd3 Qxd3 32. cxd3 Kf7 33. Kg1 g5 34.
Kf2 Ke7 35. Ke2 Kd6 36. Be8 Ke7 37. Ba4 Kd6 38. Be8 Ke7 39. Ba4 Kd6 40. Be8 1/2-1/2

[Event "ch-USA Seniors 2024"]
[Site "Saint Louis USA"]
[Date "2024.07.22"]
[Round "6.5"]
[White "Khachiyan, Melikset"]
[Black "Novikov, Igor"]
[Result "1-0"]
[WhiteTitle "GM"]
[BlackTitle "GM"]
[WhiteElo "2414"]
[BlackElo "2509"]
[WhiteFideId "13300512"]
[BlackFideId "14100037"]
[EventDate "2024.07.16"]

1. e4 c5 2. Nc3 d6 3. f4 Nc6 4. Nf3 g6 5. Bc4 Bg7 6. d3 Nf6 7. O-O O-O 8. Qe1
Na5 9. Bd2 e6 10. e5 Nd7 11. exd6 Nxc4 12. dxc4 Nf6 13. Rd1 Qxd6 14. Ne5 b6 15.
Be3 Qe7 16. Qh4 Nd5 17. Qxe7 Nxe7 18. Nb5 f6 19. Nd7 Nf5 20. Nxf8 Nxe3 21. Nc7
Nxd1 22. Rxd1 Rb8 23. Nfxe6 Bxe6 24. Nxe6 Rb7 25. c3 Re7 26. Rd6 Kf7 27. Nxg7
Kxg7 28. Kf2 h5 29. g3 Kf7 30. a4 Re6 31. Rd8 Re8 32. Rd5 Re6 33. f5 gxf5 34.
Rxf5 Kg6 35. Rd5 Re4 36. b3 Re6 37. h4 a5 38. Kf3 Kh6 39. Rd8 Kg6 40. Kf4 Rc6
41. g4 hxg4 42. Kxg4 Re6 43. h5+ Kh6 44. Kf5 Re3 45. Rd6 b5 46. cxb5 Rxc3 47.
Rxf6+ Kxh5 48. Ra6 Rxb3 49. Rxa5 c4 50. Ke4 1-0

[Event "ch-USA Seniors 2024"]
[Site "Saint Louis USA"]
[Date "2024.07.23"]
[Round "7.1"]
[White "Benjamin, Joel"]
[Black "Shabalov, Alexander"]
[Result "1/2-1/2"]
[WhiteTitle "GM"]
[BlackTitle "GM"]
[WhiteElo "2490"]
[BlackElo "2460"]
[WhiteFideId "2000091"]
[BlackFideId "2008572"]
[EventDate "2024.07.16"]

1. e4 e5 2. Nf3 Nc6 3. Nc3 g6 4. d4 exd4 5. Nd5 Bg7 6. Bg5 Nce7 7. Nxd4 c6 8.
Nc3 h6 9. Bh4 Qb6 10. Nb3 a5 11. a4 d5 12. Bd3 Nf6 13. O-O g5 14. Bg3 Bg4 15.
Be2 Bxe2 16. Qxe2 O-O 17. h4 Rfe8 18. hxg5 hxg5 19. Qd2 dxe4 20. Qxg5 Ng6 21.
Rae1 Qb4 22. Re2 b6 23. Rd1 Rad8 24. Rxd8 Rxd8 25. Rd2 Rxd2 26. Qxd2 Ng4 27. Qd7
e3 28. fxe3 Bh6 29. Nd1 Nxe3 30. Qe8+ Qf8 31. Qxf8+ Kxf8 32. Nxe3 Bxe3+ 33. Kf1
Ke7 34. Ke2 Bf4 35. Bf2 Bc7 36. Nd4 Kd7 37. b3 Bd6 38. Nf5 Bc7 39. Kf3 Nf4 40.
Be3 Nd5 41. Bd2 Ke6 42. Nd4+ Kd7 43. Ke4 Bd6 44. c4 Nf6+ 45. Kf3 Bc5 46. Bc3 Ne8
47. Nf5 Ke6 48. Ke4 Nd6+ 49. Nxd6 Bxd6 50. g4 Bc7 51. Bd4 Bd8 52. Be5 Be7 53.
Bc7 Bc5 54. Bd8 Bf2 55. Bg5 Bc5 56. Bd2 Bd6 57. Be3 Bc7 58. Bd4 Bd8 59. Be5 Be7
60. Bd4 Bd8 1/2-1/2

[Event "ch-USA Seniors 2024"]
[Site "Saint Louis USA"]
[Date "2024.07.23"]
[Round "7.2"]
[White "Novikov, Igor"]
[Black "Root, Douglas"]
[Result "1-0"]
[WhiteTitle "GM"]
[BlackTitle "IM"]
[WhiteElo "2509"]
[BlackElo "2463"]
[WhiteFideId "14100037"]
[BlackFideId "2000490"]
[EventDate "2024.07.16"]

1. d4 Nf6 2. c4 g6 3. Nc3 Bg7 4. e4 d6 5. Nge2 O-O 6. Ng3 h5 7. Be2 a5 8. h3 a4
9. Rb1 e5 10. d5 Nbd7 11. Bg5 Nc5 12. Bxh5 Qd7 13. Bf3 Nh7 14. Be3 b6 15. h4 f5
16. Bxc5 bxc5 17. h5 Qf7 18. hxg6 Qxg6 19. exf5 Bxf5 20. Be4 Bxe4 21. Ncxe4 Rf4
22. Qe2 Rg4 23. Kf1 Rf8 24. Rh3 Nf6 25. Nc3 Nxd5 26. cxd5 Rxg3 27. Rxg3 Qxg3 28.
Kg1 Qg6 29. Ne4 Rf4 30. Re1 Rh4 31. g3 Rh8 32. Kg2 Qh6 33. Qg4 Qh2+ 34. Kf3 Rh6
35. Qc8+ Bf8 36. Qxc7 Qh5+ 37. Ke3 Rg6 38. Qc8 a3 39. bxa3 Kf7 40. Qd7+ Kg8 41.
Qe8 Kg7 42. f3 Qh6+ 43. Kd3 Qh5 44. g4 Qh3 45. Qd7+ Kg8 46. Qf5 Rh6 47. Ng5 e4+
48. Kxe4 1-0

[Event "ch-USA Seniors 2024"]
[Site "Saint Louis USA"]
[Date "2024.07.23"]
[Round "7.3"]
[White "Akopian, Vladimir"]
[Black "Khachiyan, Melikset"]
[Result "1/2-1/2"]
[WhiteTitle "GM"]
[BlackTitle "GM"]
[WhiteElo "2583"]
[BlackElo "2414"]
[WhiteFideId "13300032"]
[BlackFideId "13300512"]
[EventDate "2024.07.16"]

1. e4 e5 2. Nf3 Nf6 3. Nxe5 Nxe4 4. Qe2 Qe7 5. Qxe4 d6 6. d4 dxe5 7. dxe5 Nc6 8.
Bb5 Bd7 9. O-O O-O-O 10. Nc3 Nxe5 11. Bxd7+ Nxd7 12. Qg4 h5 13. Qh3 Qb4 14. Qf5
Bc5 15. Ne4 Rde8 16. Nxc5 Qxc5 17. Qxc5 Nxc5 18. Be3 Ne6 19. Rad1 Rd8 20. f3 a6
21. Kf2 f5 22. h4 Rxd1 23. Rxd1 Rd8 24. Rxd8+ Kxd8 25. Ke2 Kd7 26. c4 c5 27. a4
a5 28. f4 b6 29. Kd3 Kc6 30. g3 g6 31. b3 Kd6 32. Kc3 Kc6 33. Kd3 Kd6 34. Kc3
Kc6 35. Kd3 Kd6 1/2-1/2

[Event "ch-USA Seniors 2024"]
[Site "Saint Louis USA"]
[Date "2024.07.23"]
[Round "7.4"]
[White "Christiansen, Larry"]
[Black "Becerra Rivero, Julio"]
[Result "1/2-1/2"]
[WhiteTitle "GM"]
[BlackTitle "GM"]
[WhiteElo "2579"]
[BlackElo "2419"]
[WhiteFideId "2000059"]
[BlackFideId "3501728"]
[EventDate "2024.07.16"]

1. d4 d5 2. c4 c6 3. Nf3 Nf6 4. e3 e6 5. Bd3 Nbd7 6. O-O Bd6 7. Nbd2 O-O 8. e4
e5 9. cxd5 cxd5 10. Re1 Re8 11. exd5 exd4 12. Rxe8+ Qxe8 13. Nc4 Bc5 14. Bd2 b5
15. Na5 Ne5 16. Qe2 Nxf3+ 17. Qxf3 Bg4 18. Qf4 Qd7 19. Nb3 Bb6 20. h3 Bh5 21. d6
Bg6 22. Bxg6 hxg6 23. Nxd4 Rd8 24. Nf3 Qxd6 25. Qxd6 Rxd6 26. Re1 a5 27. Kf1 Kf8
28. Rc1 Ne4 29. Be1 Ke8 30. Rc2 f6 31. Re2 Re6 32. Nd2 Nc5 33. f3 Kd7 34. Bf2
Rxe2 35. Kxe2 Kc6 36. Bxc5 Kxc5 37. Kd3 f5 38. Nf1 Bc7 39. Ne3 Be5 40. b3 Bf4
41. Nc2 Bg3 42. Nd4 Be5 43. Nc2 Bg3 44. Nd4 Be5 45. Nc2 Bg3 1/2-1/2

[Event "ch-USA Seniors 2024"]
[Site "Saint Louis USA"]
[Date "2024.07.23"]
[Round "7.5"]
[White "Kaidanov, Gregory"]
[Black "Kraai, Jesse"]
[Result "0-1"]
[WhiteTitle "GM"]
[BlackTitle "GM"]
[WhiteElo "2548"]
[BlackElo "2356"]
[WhiteFideId "2008564"]
[BlackFideId "2002035"]
[EventDate "2024.07.16"]

1. d4 Nf6 2. c4 e6 3. Nc3 Bb4 4. Qc2 d5 5. a3 Bxc3+ 6. Qxc3 O-O 7. e3 b6 8. Nf3
Ba6 9. b3 Nbd7 10. Bb2 c5 11. Be2 cxd4 12. exd4 Rc8 13. Qb4 dxc4 14. bxc4 b5 15.
cxb5 Nd5 16. Qd2 Bb7 17. O-O Qf6 18. Rfc1 Nf4 19. d5 Qf5 20. Bf1 Bxd5 21. Ne1 h5
22. Qd4 Qg4 23. f3 Qg5 24. g3 e5 25. Qxa7 Nf6 26. Qf2 h4 27. Rxc8 Rxc8 28. Rd1
N6h5 29. g4 f5 30. Rxd5 Nxd5 31. b6 fxg4 32. b7 Rf8 33. Qc5 gxf3+ 34. Kh1 e4 35.
Qxf8+ Kxf8 36. b8=Q+ Ke7 37. Bb5 Nhf6 38. Qa7+ Ke6 39. Nc2 Qg2# 0-1

[Event "ch-USA Seniors 2024"]
[Site "Saint Louis USA"]
[Date "2024.07.24"]
[Round "8.1"]
[White "Shabalov, Alexander"]
[Black "Kraai, Jesse"]
[Result "0-1"]
[WhiteTitle "GM"]
[BlackTitle "GM"]
[WhiteElo "2460"]
[BlackElo "2356"]
[WhiteFideId "2008572"]
[BlackFideId "2002035"]
[EventDate "2024.07.16"]

1. d4 Nf6 2. c4 e6 3. g3 d5 4. Bg2 Bb4+ 5. Nd2 O-O 6. Nf3 b6 7. O-O Bb7 8. Ne5
Be7 9. b3 Nbd7 10. Bb2 c5 11. cxd5 exd5 12. Rc1 Re8 13. Nxd7 Nxd7 14. Nf3 Bf8
15. Nh4 Nf6 16. Rc2 Ne4 17. Qc1 a5 18. Rd1 a4 19. f3 Ng5 20. e4 axb3 21. axb3 c4
22. e5 cxb3 23. Rc3 b5 24. Nf5 b4 25. Rxb3 Ra2 26. Nd6 Bxd6 27. exd6 Ne6 28.
Rxb4 Ra7 29. Qb1 Qxd6 30. Bc1 Ba6 31. f4 Bc4 32. f5 Nf8 33. Bf4 Qa6 34. Rb8 Ra8
35. Rxa8 Rxa8 36. h3 h6 37. Qb4 Nh7 38. Qe7 Nf6 39. Rb1 Re8 40. Qc7 Ne4 41. Rb7
Qf6 42. Be5 Qxf5 43. Bxe4 Qf1+ 44. Kh2 dxe4 45. Bf4 e3 46. Qc6 Qf2+ 47. Kh1 Ra8 0-1

[Event "ch-USA Seniors 2024"]
[Site "Saint Louis USA"]
[Date "2024.07.24"]
[Round "8.2"]
[White "Root, Douglas"]
[Black "Akopian, Vladimir"]
[Result "0-1"]
[WhiteTitle "IM"]
[BlackTitle "GM"]
[WhiteElo "2463"]
[BlackElo "2583"]
[WhiteFideId "2000490"]
[BlackFideId "13300032"]
[EventDate "2024.07.16"]

1. d4 d5 2. c4 c6 3. Nc3 Nf6 4. e3 e6 5. Nf3 Nbd7 6. Qc2 b6 7. Bd3 Bb7 8. O-O
dxc4 9. Bxc4 c5 10. Ne5 Bd6 11. Nxd7 Nxd7 12. Rd1 cxd4 13. Rxd4 Be5 14. Nb5 O-O
15. Rd1 Rc8 16. Qe2 Bxh2+ 17. Kxh2 Qh4+ 18. Kg1 Rxc4 19. f3 Ba6 20. Na3 Rxc1 21.
Qxa6 Nc5 22. Qxa7 Rxa1 23. Rxa1 Qb4 24. Rb1 Nd3 25. Qc7 Qd2 26. e4 Nxb2 27. Qc2
Qxc2 28. Nxc2 Nc4 29. Rb4 Rc8 30. Nd4 g5 31. a4 Kg7 32. Nb3 Kf6 33. Rb5 h5 34.
a5 bxa5 35. Nxa5 Ne5 36. Rb2 g4 37. fxg4 Rc1+ 38. Kh2 Nxg4+ 39. Kg3 Kg5 40. Rb3
h4+ 41. Kf3 Rc2 42. e5 Kf5 0-1

[Event "ch-USA Seniors 2024"]
[Site "Saint Louis USA"]
[Date "2024.07.24"]
[Round "8.3"]
[White "Becerra Rivero, Julio"]
[Black "Kaidanov, Gregory"]
[Result "1/2-1/2"]
[WhiteTitle "GM"]
[BlackTitle "GM"]
[WhiteElo "2419"]
[BlackElo "2548"]
[WhiteFideId "3501728"]
[BlackFideId "2008564"]
[EventDate "2024.07.16"]

1. e4 e5 2. Nf3 Nc6 3. Nc3 Nf6 4. d4 exd4 5. Nxd4 Bb4 6. Nxc6 bxc6 7. Bd3 O-O 8.
O-O Re8 9. Bg5 h6 10. Bh4 d5 11. exd5 g5 12. Bg3 cxd5 13. a3 Bd6 14. Re1 Rxe1+
15. Qxe1 Be6 16. b4 c5 17. Bxd6 Qxd6 18. Nb5 Qb6 19. bxc5 Qxc5 20. Qb4 Nd7 21.
h4 Rb8 22. hxg5 hxg5 23. Qd2 Rxb5 24. Qxg5+ Kf8 25. Qd8+ Kg7 26. Qg5+ Kf8 27.
Qd8+ Kg7 28. Qg5+ Kf8 1/2-1/2

[Event "ch-USA Seniors 2024"]
[Site "Saint Louis USA"]
[Date "2024.07.24"]
[Round "8.4"]
[White "Benjamin, Joel"]
[Black "Novikov, Igor"]
[Result "1/2-1/2"]
[WhiteTitle "GM"]
[BlackTitle "GM"]
[WhiteElo "2490"]
[BlackElo "2509"]
[WhiteFideId "2000091"]
[BlackFideId "14100037"]
[EventDate "2024.07.16"]

1. e4 c5 2. c3 d5 3. exd5 Qxd5 4. d4 Nf6 5. Nf3 e6 6. Be3 cxd4 7. cxd4 Nc6 8.
Nc3 Qd6 9. a3 Be7 10. Bd3 O-O 11. O-O b6 12. Qe2 Bb7 13. Rad1 Rad8 14. Rfe1 Rfe8
15. Bb1 Qb8 16. h3 h6 17. Nh2 Bf8 18. Ng4 Nxg4 19. Qxg4 Kh8 20. d5 Ne5 21. Qh5
Ng6 22. Bg5 Rd6 23. Bxg6 fxg6 24. Qxg6 hxg5 25. Re5 Red8 26. Qh5+ Kg8 27. Ne4
Be7 28. Nxd6 Rxd6 29. Rxe6 Qd8 30. Rxd6 Qxd6 31. Qe8+ Bf8 32. Qe4 Kf7 33. Qf5+
Qf6 34. Qd7+ Qe7 35. Qf5+ Qf6 36. Qd7+ Qe7 37. Qf5+ Qf6 1/2-1/2

[Event "ch-USA Seniors 2024"]
[Site "Saint Louis USA"]
[Date "2024.07.24"]
[Round "8.5"]
[White "Khachiyan, Melikset"]
[Black "Christiansen, Larry"]
[Result "0-1"]
[WhiteTitle "GM"]
[BlackTitle "GM"]
[WhiteElo "2414"]
[BlackElo "2579"]
[WhiteFideId "13300512"]
[BlackFideId "2000059"]
[EventDate "2024.07.16"]

1. e4 d6 2. d4 Nf6 3. Nc3 g6 4. Nf3 Bg7 5. Be2 O-O 6. O-O c5 7. dxc5 dxc5 8.
Qxd8 Rxd8 9. Be3 b6 10. Rad1 Nc6 11. Rxd8+ Nxd8 12. Rd1 Bb7 13. e5 Ng4 14. Rd7
Nxe3 15. fxe3 Kf8 16. e4 e6 17. Bd3 Rc8 18. b3 a6 19. Na4 Bc6 20. Ra7 Bxa4 21.
bxa4 c4 22. Be2 a5 23. Ra6 Rb8 24. Bxc4 Nc6 25. Bb5 Nxe5 26. Nxe5 Bxe5 27. Bc6
Rc8 28. Ra8 Bb8 29. Bb7 Rd8 30. Kf1 Ke7 31. h3 Kd6 32. Ba6 Kc7 33. c4 Rd4 34. c5
bxc5 35. Bb5 c4 36. Ra6 Rxe4 37. Rc6+ Kd8 38. Rxc4 Rxc4 39. Bxc4 Ke7 40. Bb5 f5
41. Ke2 h5 42. Ba6 Kf6 43. Bb5 Bc7 44. Be8 e5 45. Kf1 e4 46. Ke2 h4 47. Kf1 g5
48. Bd7 Ke5 49. Be8 Kf4 50. Bh5 Bb6 51. Bd1 Bc5 52. Bh5 g4 53. hxg4 Kg5 54. Ke2
fxg4 55. Be8 h3 56. gxh3 gxh3 57. Kf1 Kf4 58. Bd7 h2 59. Kg2 e3 60. Bb5 h1=Q+ 0-1

[Event "ch-USA Seniors 2024"]
[Site "Saint Louis USA"]
[Date "2024.07.25"]
[Round "9.1"]
[White "Kaidanov, Gregory"]
[Black "Khachiyan, Melikset"]
[Result "1/2-1/2"]
[WhiteTitle "GM"]
[BlackTitle "GM"]
[WhiteElo "2548"]
[BlackElo "2414"]
[WhiteFideId "2008564"]
[BlackFideId "13300512"]
[EventDate "2024.07.16"]

1. d4 d5 2. c4 c6 3. Nf3 Nf6 4. Nc3 dxc4 5. a4 Bf5 6. Ne5 Nbd7 7. Nxc4 Nb6 8.
Ne5 a5 9. e3 Nfd7 10. Nxf7 Kxf7 11. Qf3 e6 12. e4 Bb4 13. exf5 exf5 14. Bd3 Nf6
15. O-O g6 16. Rd1 Re8 17. Bg5 Be7 18. Bxf6 Bxf6 19. Bc2 Kg7 20. Bb3 Qe7 21. d5
Qb4 22. Na2 Qe4 23. Nc3 Qxf3 24. gxf3 Bxc3 25. bxc3 cxd5 26. Bxd5 Re7 27. Rd4
Rd8 28. Rad1 Rc7 29. R1d3 Nxd5 30. Rxd5 Rxd5 31. Rxd5 b6 32. Rd6 Rxc3 33. Rxb6
Rc4 34. Rb7+ Kh6 35. Ra7 Rxa4 36. Kg2 g5 37. Ra6+ Kg7 38. Ra7+ Kg6 39. Ra6+ Kf7
40. Ra7+ Ke6 41. Rxh7 Rb4 42. Ra7 Rb5 43. f4 gxf4 44. h4 Ke5 45. h5 Kf6 46. h6
Rb8 47. Rxa5 Rh8 48. Kf3 Kg5 49. Ra6 Rh7 50. Rb6 Rh8 51. Ra6 Rh7 52. Rb6 Rh8 53.
Ra6 1/2-1/2